| 000 | 00685nam a22002537a 4500 | ||
|---|---|---|---|
| 003 | UA-OsUOA | ||
| 001 | 23064 | ||
| 007 | ta | ||
| 008 | 20040106b un ||||| |||| 00| 0 ukr d | ||
| 100 | _aЛендри Ед | ||
| 700 | _aОрдиалес Лео | ||
| 090 |
_a298 _bЛ44 |
||
| 942 | _cBK | ||
| 040 |
_aUA-OsUOA _brus _cUA-OsUOA _dUA-OsUOA |
||
| 245 |
_aПонимание церкви _bПервые шаги по организации новых церквей |
||
| 300 |
_a40 с. _bІлюстрації |
||
| 955 | _a0 | ||
| 041 | _arus | ||
| 080 | _a298 | ||
| 260 |
_aКиев _bБиблейская Лига _c1993 |
||
| 044 | _aUA | ||
| 650 | 7 | _2UDC | |
| 999 |
_c309303 _d309303 |
||